000 00669nam a2200217Ii 4500
003 JO-AjNU
008 230606s9999||||xx |||||||||||||| ||und||
020 _a0-631-13834-x / 0-631-16887-7
040 _aJO-AjNU
_beng
_erda
_cJO-AjNU
041 _aeng
050 1 4 _aHG4523.S77 1989
100 3 _aStrong,Norman / Martin Walker,
_eauthor
_93124
245 0 0 _aInformation and Capital Markets
250 _a1 ed
264 3 1 _aNew York: Basil Blackwell,1989
300 _a222p
_b Includes references indexes(p208-222)
336 _atext
_btxt
_2rdacontent
337 _aunmediated
_bn
_2rdamedia
338 _avolume
_bnc
_2rdacarrier
650 4 _aCapital Markets
_93125
999 _aE1637
_c1637
_d1637